000 00559nam a2200181Ia 4500
999 _c21446
_d21446
003 OSt
005 20200622143812.0
008 190216s9999||||xx |||||||||||||| ||und||
020 _a9780521051064
040 _coclc
082 _a954.56025
_bBLA/S
100 _aBlake, Stephen P
_93103
245 0 _aShahjahanabad: The Sovereign City In Mughal India 1639-1739 /
_cStephen P Blake
260 _bCambridge Uty Press,
_c2002.
_aNew York:
300 _a228p
650 _aHistory
942 _cBK
_2ddc
_h954.56025
_iBLA/S
_k954.56025
_mBLA/S